000 00633nam a2200181 i 4500
001 29908
003 ES-MaACL
007 t|
008 030123s1980 sp ||||1| spa d
245 0 0 _aBases para la planificación de una campaña de promoción cultural en medios rurales /
_cautores Julio Montero Díaz... [et al.].
260 _aMadrid :
_bMinisterio de Cultura, Secretaría General Técnica,
_c1980.
300 _a194 p. ;
_c19 cm.
490 1 _aCultura y comunicación
700 1 _aMontero Díaz, Julio.
_982516
830 0 _aCultura y comunicación
_9181260
852 _aES-MaACL
_jL-728
_bR.101196
999 _c29908
_d29908